000
00328nam a2200145 a 4500
005
20141022142007.0
008
091012s19uu xx 00 eng d
050
_a
AVM
100
_a
Jones, Leo
245
_a
Let's Talk 2.
260
_b
Cambridge Unversity Press.
650
_a
VCD
650
_a
Let's Talk 2
942
_c
AVM
999
_c
276590
_d
276590